| 000 | 00637nam a2200253Ia 4500 | ||
|---|---|---|---|
| 008 | 160803s9999 xx 000 0 und d | ||
| 020 | _a0 590404008 | ||
| 100 | _aEstes, Eleanor | ||
| 245 | 4 | _aThe hundred dresses / | |
| 245 | _cby Eleanor Estes ; illustrated by Louis Slobodkin. | ||
| 260 | _aNew York : | ||
| 260 | _bScholastic Inc. | ||
| 260 | _c1973 | ||
| 300 | _a78 pages : | ||
| 300 | _billustrations ; | ||
| 300 | _c21 cm | ||
| 650 | _aFriendship -- | ||
| 650 | _aFriendship. | ||
| 650 | _aPolish Americans -- | ||
| 650 | _aPolish Americans. | ||
| 650 | _xFiction. | ||
| 650 | _xFiction. | ||
| 700 | _a870 | ||
| 999 |
_c298436 _d298436 |
||